[Event "Titled Tuesday intern op 12th Mar Late"]
[Site "Chess.com INT"]
[Date "2024.03.12"]
[Round "6"]
[White "Boor, Carl Brandon"]
[Black "Curi, Gabriel"]
[Result "1-0"]
[WhiteElo "2231"]
[BlackElo "2090"]
[PlyCount "97"]
[EventDate "2024.03.12"]
[EventType "swiss (blitz)"]
[EventRounds "11"]
[EventCountry "USA"]
[SourceTitle "CB12_2024"]
[SourceDate "2023.10.01"]
[SourceVersion "1"]
[SourceVersionDate "2023.10.01"]
[SourceQuality "1"]

1. d4 d5 2. c4 c6 3. cxd5 cxd5 4. Nc3 Nf6 5. f3 Nc6 6. e4 e6 7. e5 Nd7 8. f4 g6 9. Nf3 Nb6 10. Be2 Bd7 11. 0-0 a5 12. g4 h5 13. h3 hxg4 14. hxg4 a4 15. Kg2 Na5 16. Bd3 Nac4 17. Rh1 Rxh1 18. Qxh1 Qc7 19. Ne2 0-0-0 20. b3 Na5 21. Bd2 Nc6 22. Rc1 Ba3 23. Rc2 Kb8 24. bxa4 Nxa4 25. Qb1 Qb6 26. Qxb6 Nxb6 27. Ng5 Be8 28. Bb5 Rc8 29. Bc1 Be7 30. Bxc6 Rxc6 31. Rxc6 bxc6 32. Nh7 Nc4 33. f5 gxf5 34. gxf5 Kc7 35. f6 Bb4 36. Kf3 Ba3 37. Bxa3 Nxa3 38. Nf4 Nb5 39. Ke3 c5 40. dxc5 Kc6 41. Nxe6 fxe6 42. Ng5 Kxc5 43. Nxe6+ Kc4 44. Ng5 d4+ 45. Kd2 Nc7 46. e6 Nxe6 47. Nxe6 Kd5 48. Ng5 Kc4 49. f7 1-0

[Event "Titled Tuesday intern op 12th Mar Early"]
[Site "Chess.com INT"]
[Date "2024.03.12"]
[Round "5"]
[White "Curi, Gabriel"]
[Black "Ishvi, Aggarwal"]
[Result "0-1"]
[WhiteElo "2090"]
[BlackElo "1959"]
[PlyCount "54"]
[EventDate "2024.03.12"]
[EventType "swiss (blitz)"]
[EventRounds "11"]
[EventCountry "USA"]
[SourceTitle "CB12_2024"]
[SourceDate "2023.10.01"]
[SourceVersion "1"]
[SourceVersionDate "2023.10.01"]
[SourceQuality "1"]

1. e4 e5 2. f4 d5 3. exd5 exf4 4. Bc4 Nf6 5. Nc3 Bd6 6. Nf3 0-0 7. 0-0 Bg4 8. d4 a6 9. a4 Nbd7 10. Qd3 Nb6 11. Bb3 Bb4 12. Ne5 Bxc3 13. Nxg4 Nxg4 14. bxc3 Nxd5 15. Bxf4 Nxf4 16. Rxf4 Nf6 17. Raf1 Nd5 18. R4f3 c6 19. c4 Nc7 20. c3 Qe7 21. Rh3 g6 22. Re3 Qd7 23. d5 Rad8 24. Rd1 Qg4 25. h3 Qg5 26. Rg3 Qe5 27. Qd4 Qxg3 0-1

[Event "URU-chT"]
[Site "Montevideo"]
[Date "2023.07.22"]
[Round "3.3"]
[White "Curi, Gabriel"]
[Black "Vaz Lacuesta, Leonardo"]
[Result "1-0"]
[WhiteElo "2100"]
[BlackElo "2059"]
[PlyCount "69"]
[EventDate "2023.07.21"]
[EventType "team-tourn"]
[EventRounds "5"]
[EventCountry "URU"]
[SourceTitle "CBM 215 Extra"]
[Source "ChessBase"]
[SourceDate "2023.09.30"]
[SourceVersion "1"]
[SourceVersionDate "2023.09.30"]
[SourceQuality "1"]
[WhiteTeam "Trebejos II"]
[BlackTeam "Trebejos"]
[WhiteTeamCountry "URU"]
[BlackTeamCountry "URU"]

1. d4 d5 2. Nc3 e6 3. Bf4 Bd6 4. e3 Nf6 5. Nf3 0-0 6. Bd3 c5 7. dxc5 Bxc5 8. 0-0 Nc6 9. e4 Nh5 10. Bd2 dxe4 11. Nxe4 Be7 12. Qe2 e5 13. Nd4 Nf4 14. Bxf4 Nxd4 15. Qh5 f5 16. Ng5 Bxg5 17. Bxg5 Qc7 18. Be3 g6 19. Qh6 Ne6 20. b3 Ng7 21. f4 Be6 22. fxe5 Qxe5 23. Rae1 Qf6 24. Bf4 Qf7 25. Rf3 Bd5 26. Rfe3 Rfe8 27. Be5 Ne6 28. Bb2 Nc7 29. Rxe8+ Rxe8 30. Rxe8+ Nxe8 31. Qe3 b6 32. Qe5 Kf8 33. Bb5 Nc7 34. Qd6+ Qe7 35. Ba3 1-0

[Event "URU-ch 93rd"]
[Site "Montevideo"]
[Date "2023.04.03"]
[Round "5"]
[White "Hoffman, Alejandro"]
[Black "Curi, Gabriel"]
[Result "1-0"]
[WhiteElo "2359"]
[BlackElo "2113"]
[PlyCount "69"]
[EventDate "2023.03.31"]
[EventType "tourn"]
[EventRounds "11"]
[EventCountry "URU"]
[SourceTitle "CBM 213 Extra"]
[Source "ChessBase"]
[SourceDate "2023.05.31"]
[SourceVersion "1"]
[SourceVersionDate "2023.05.31"]
[SourceQuality "1"]

1. Nf3 d5 2. c4 c6 3. d4 Nf6 4. e3 e6 5. Nbd2 c5 6. b3 Nc6 7. Bb2 a6 8. Bd3 Be7 9. 0-0 0-0 10. Rc1 dxc4 11. Nxc4 cxd4 12. Nxd4 Bd7 13. Qf3 b5 14. Nxc6 Bxc6 15. Qxc6 Qxd3 16. Rfd1 Qf5 17. Nb6 Rad8 18. Bxf6 Rxd1+ 19. Rxd1 gxf6 20. g3 Kg7 21. Kg2 h5 22. h4 Qc5 23. Qb7 Rd8 24. Rd7 Rxd7 25. Nxd7 Qb4 26. Nb8 a5 27. Na6 Qa3 28. Nc7 Kf8 29. Qxb5 Bb4 30. Qb8+ Kg7 31. Qb7 Kg8 32. Qa8+ Kg7 33. Ne8+ Kg6 34. Qe4+ Kh6 35. Qf4+ 1-0

[Event "Montevideo Duchamp Cup 6th"]
[Site "Montevideo"]
[Date "2023.02.11"]
[Round "9"]
[White "Davila Brondo, Mario Eduardo"]
[Black "Curi, Gabriel"]
[Result "1/2-1/2"]
[WhiteElo "1769"]
[BlackElo "2156"]
[PlyCount "49"]
[EventDate "2023.02.03"]
[EventType "swiss"]
[EventRounds "9"]
[EventCountry "URU"]
[SourceTitle "CBM 212 Extra"]
[Source "ChessBase"]
[SourceDate "2023.03.31"]
[SourceVersion "1"]
[SourceVersionDate "2023.03.31"]
[SourceQuality "1"]

1. Nf3 d5 2. g3 c6 3. Bg2 Bg4 4. 0-0 Nd7 5. d3 Ngf6 6. Nbd2 e5 7. e4 Bd6 8. Re1 0-0 9. h3 Bh5 10. g4 Bg6 11. Nh4 dxe4 12. dxe4 Nc5 13. Nf5 Bc7 14. Qf3 Ne6 15. Nf1 Nd4 16. Nxd4 Qxd4 17. c3 Qd6 18. Bg5 Nd7 19. Ng3 f6 20. Be3 Rfd8 21. Bf1 Bb6 22. Bc4+ Kh8 23. Rad1 Qc7 24. Bb3 Nf8 25. Kg2 1/2-1/2

[Event "Montevideo Duchamp Cup 6th"]
[Site "Montevideo"]
[Date "2023.02.07"]
[Round "5"]
[White "Rosa, Paulo Estevao"]
[Black "Curi, Gabriel"]
[Result "1/2-1/2"]
[WhiteElo "1884"]
[BlackElo "2156"]
[PlyCount "150"]
[EventDate "2023.02.03"]
[EventType "swiss"]
[EventRounds "9"]
[EventCountry "URU"]
[SourceTitle "CBM 212 Extra"]
[Source "ChessBase"]
[SourceDate "2023.03.31"]
[SourceVersion "1"]
[SourceVersionDate "2023.03.31"]
[SourceQuality "1"]

1. d4 d5 2. c4 c6 3. Nf3 Nf6 4. g3 Bg4 5. Bg2 e6 6. cxd5 exd5 7. 0-0 Be7 8. Bg5 0-0 9. Nbd2 Re8 10. e3 Nbd7 11. Qb3 Qb6 12. Rac1 h6 13. Bxf6 Bxf6 14. h3 Bf5 15. Rfe1 Nf8 16. Nh2 Be7 17. a3 Ne6 18. f4 Nxd4 19. Qxb6 axb6 20. exd4 Bf6 21. Rxe8+ Rxe8 22. Nhf3 h5 23. Ne5 Ra8 24. Ndf3 Ra4 25. Rd1 b5 26. g4 hxg4 27. hxg4 Be4 28. Ne1 b4 29. Bxe4 dxe4 30. axb4 Rxb4 31. Rd2 e3 32. Rd3 Rxb2 33. Rxe3 g5 34. f5 Rb4 35. N1f3 Kg7 36. Rd3 Rb5 37. Nd7 Be7 38. Kf2 Rd5 39. Nb6 Rb5 40. Na4 Rb4 41. Nc3 Bd8 42. Ke3 f6 43. Ne4 Bb6 44. Nfd2 Kf7 45. Nd6+ Kg7 46. N2e4 Bd8 47. Nc5 Be7 48. Ndxb7 Rb1 49. Ne6+ Kf7 50. Nbd8+ Ke8 51. Nxc6 Bd6 52. d5 Rg1 53. Rd4 Kd7 54. Nb4 Bxb4 55. Rxb4 Kd6 56. Rd4 Rg3+ 57. Kf2 Ra3 58. Rd2 Ra4 59. Kf3 Ra3+ 60. Ke2 Ra4 61. Rd4 Ra2+ 62. Ke3 Ke5 63. d6 Re2+ 64. Kd3 Rd2+ 65. Kc4 Rc2+ 66. Kb5 Rb2+ 67. Rb4 Rd2 68. d7 Rxd7 69. Re4+ Kxe4 70. Nc5+ Kf4 71. Nxd7 Kxg4 72. Nxf6+ Kxf5 73. Nd5 g4 74. Ne3+ Kf4 75. Nxg4 Kxg4 1/2-1/2

[Event "Florianopolis op 9th"]
[Site "Florianopolis"]
[Date "2023.01.29"]
[Round "10"]
[White "Curi, Gabriel"]
[Black "Filgueiras, Nathan Felipe"]
[Result "1/2-1/2"]
[WhiteElo "2136"]
[BlackElo "2356"]
[PlyCount "88"]
[EventDate "2023.01.23"]
[EventType "swiss"]
[EventRounds "10"]
[EventCountry "BRA"]
[SourceTitle "CBM 212 Extra"]
[Source "ChessBase"]
[SourceDate "2023.03.31"]
[SourceVersion "1"]
[SourceVersionDate "2023.03.31"]
[SourceQuality "1"]

1. d4 Nf6 2. Nc3 d5 3. Bf4 a6 4. e3 c5 5. dxc5 Nc6 6. a3 e5 7. Bg5 Be6 8. b4 Be7 9. Nf3 0-0 10. Be2 b6 11. 0-0 bxc5 12. b5 axb5 13. Bxb5 Na7 14. Be2 e4 15. Ne1 Nc6 16. Bf4 d4 17. exd4 cxd4 18. Nb5 Nd5 19. Bg3 Bc5 20. c4 Nb6 21. Nc7 Rxa3 22. Rxa3 Bxa3 23. Qb3 Bb4 24. Nxe6 fxe6 25. Bg4 Qe7 26. Nc2 Bc5 27. Qb5 Nd8 28. Re1 d3 29. Ne3 Bd4 30. Nf1 Qf6 31. Ne3 g6 32. h4 h5 33. Bd1 d2 34. Re2 Bxe3 35. Rxe3 Qa1 36. Qb3 Nxc4 37. Re2 Qd4 38. Kh2 Nc6 39. Qc2 Qd3 40. Rxe4 Qxc2 41. Bxc2 Nb2 42. Rxe6 Nd4 43. Rxg6+ Kf7 44. Rd6 Nxc2 1/2-1/2